000 00808nam a22002297a 4500
003 OSt
005 20260428011343.0
008 260428b |||||||| |||| 00| 0 eng d
020 _a978-621-451-007-8
040 _aDWCL Main Lib.
_cOC
082 _a305.23 N322a 2021
100 _aNavarro, Tizza Marie Menoria
245 _aAssessment of Children's Development and Learning
_cTizza Marie Menoria-Navarro
260 _aQuezon City, Philippines :
_bLorimar Publishing inc.,
_cc2021.
300 _axiv, 146 pages :
_billustrations ;
_c26cm.
504 _aIncludes Bibliographical Reference
650 _a1. Child development-- study and teaching
650 _a2. Cognitive development
700 _aHelen B. Boholano
700 _aBernard Evangelicom V. Jamon
942 _2ddc
_cBK-FIL
_hFil.
_n0
999 _c9978
_d9978